Fr. Conceicao Rodrigues College of Engineering

Fluid Mechanics (Record no. 22429)

MARC details
000 -LEADER
fixed length control field 00295nam a2200145Ia 4500
082 ## - DEWEY DECIMAL CLASSIFICATION NUMBER
Classification number 532
Item number Dou/Gas
100 ## - MAIN ENTRY--PERSONAL NAME
Personal name Douglas/J.F
245 ## - TITLE STATEMENT
Title Fluid Mechanics
260 ## - PUBLICATION, DISTRIBUTION, ETC.
Name of publisher, distributor, etc. Pitman
Place of publication, distribution, etc. London
Date of publication, distribution, etc. 1983
300 ## - PHYSICAL DESCRIPTION
Extent 721
546 ## - LANGUAGE NOTE
Language note ENGLISH
654 ## - SUBJECT ADDED ENTRY--FACETED TOPICAL TERMS
Focus term Fluid Mechanics
942 ## - ADDED ENTRY ELEMENTS (KOHA)
Koha item type BOOK
Holdings
Withdrawn status Lost status Damaged status Not for loan Collection Home library Current library Shelving location Date acquired Total Checkouts Full call number Barcode Date last seen Price effective from Koha item type
        AFT Fr. Agnel's C.Rodrigues College of Engineering Fr. Agnel's C.Rodrigues College of Engineering   17/03/2023   532 Dou/Gas AFT3912 17/03/2023 17/03/2023 BOOK